000 00422nam a2200181Ia 4500
001 1367
005 20260306143723.0
008 260306t1998||||xx |||||||||||||| ||spa||
041 _aESP
082 _a196.1
_bO73
100 _aOrtega y Gasset, José
_eAUT
245 0 _aLa rebelión de las masas
260 _c1998
300 _a213 páginas :
_c17 cm.
650 _aGEN
654 _aCHU
942 _cLIB
_dJUS
_fJUS
_2ddc
_n
999 _c1367
_d1367